L'enfant prodigue = (Record no. 170225)

MARC details
000 -LEADER
campo de control de longitud fija 00821nam a22002295i 4500
001 - NÚMERO DE CONTROL
campo de control 170225
003 - IDENTIFICADOR DE NÚMERO DE CONTROL
campo de control ES-MaACL
005 - FECHA Y HORA DE LA ÚLTIMA TRANSACCIÓN
campo de control 20250522163655.0
008 - DATOS DE LONGITUD FIJA--INFORMACIÓN GENERAL
campo de control de longitud fija 090213q1908 fr |||| | fre d
080 ## - NÚMERO DE LA CLASIFICACIÓN DECIMAL UNIVERSAL
Número de la Clasificación Decimal Universal 782.1
100 1# - ENTRADA PRINCIPAL--NOMBRE DE PERSONA
Nombre de persona Guinand, Édouard.
9 (RLIN) 139441
245 12 - MENCIÓN DEL TÍTULO
Título L'enfant prodigue =
Resto del título The prodigal son : scène lyrique en un acte /
Mención de responsabilidad, etc. de E. Guinard ; musique de Claude Debussy ; english words by Nita Cox.
260 ## - PUBLICACIÓN, DISTRIBUCIÓN, ETC.
Lugar de publicación, distribución, etc. Paris :
Nombre del editor, distribuidor, etc. E. Durand et files,
Fecha de publicación, distribución, etc. [ca. 1908]
300 ## - DESCRIPCIÓN FÍSICA
Extensión 25 cm ;
Dimensiones 18 cm.
546 ## - NOTA DE IDIOMA
Nota de lengua/lenguaje Texto en inglés y francés.
650 #4 - PUNTO DE ACCESO ADICIONAL DE MATERIA--TÉRMINO DE MATERIA
Término de materia o nombre geográfico como elemento de entrada Óperas-
Subdivisión de forma Libretos.
9 (RLIN) 137584
700 1# - ENTRADA AGREGADA--NOMBRE PERSONAL
Nombre de persona Debussy, Claude,
Fechas asociadas al nombre 1862-1918
9 (RLIN) 240620
700 1# - ENTRADA AGREGADA--NOMBRE PERSONAL
Nombre de persona Cox, Nita.
9 (RLIN) 139442
740 42 - ENTRADA AGREGADA--TÍTULO RELACIONADO/ANALÍTICO NO CONTROLADO
Título relacionado o analítico no controlado The prodigal son.
852 4# - LOCALIZACIÓN
Ubicación ES-MaACL
Número de control de estantería 2247-F-25
Nota libre - Biblioteca Jacinto Martínez Lacalle
Holdings
Estatus retirado Estado de pérdida Estado de daño No para préstamo Colección Biblioteca de origen Biblioteca actual Ubicación en estantería Fecha de adquisición Fuente de adquisición Total de préstamos Signatura topográfica completa Código de barras Visto por última vez Precio de reemplazo Tipo de ítem Koha
        Colección de folletos Biblioteca del Ateneo de Madrid Biblioteca del Ateneo de Madrid Depósito folletos 13/02/2009     2247-F-25 1178711 23/02/2023 23/02/2023 Folleto